Techniques of financial analysis / (Record no. 153462)
[ view plain ]
| 000 -LEADER | |
|---|---|
| fixed length control field | 00783nam a2200277 a 4500 |
| 008 - FIXED-LENGTH DATA ELEMENTS--GENERAL INFORMATION | |
| fixed length control field | |
| 020 ## - INTERNATIONAL STANDARD BOOK NUMBER | |
| International Standard Book Number | 0256079269 (pbk.) |
| 049 ## - LOCAL HOLDINGS (OCLC) | |
| Holding library | MAIN |
| 090 ## - LOCALLY ASSIGNED LC-TYPE CALL NUMBER (OCLC); LOCAL CALL NUMBER (RLIN) | |
| Classification number (OCLC) (R) ; Classification number, CALL (RLIN) (NR) | HG4026 HEL |
| 003 - CONTROL NUMBER IDENTIFIER | |
| control field | |
| 005 - DATE AND TIME OF LATEST TRANSACTION | |
| control field | 20230123133723.0 |
| 040 ## - CATALOGING SOURCE | |
| Transcribing agency | NUST |
| 100 1# - MAIN ENTRY--PERSONAL NAME | |
| Personal name | Helfert, Erich A. |
| 245 10 - TITLE STATEMENT | |
| Title | Techniques of financial analysis / |
| Statement of responsibility, etc. | Erich A. Helfert. |
| 250 ## - EDITION STATEMENT | |
| Edition statement | 7th ed. |
| 260 ## - PUBLICATION, DISTRIBUTION, ETC. | |
| Place of publication, distribution, etc. | Homewood, Ill. : |
| Name of publisher, distributor, etc. | Irwin, |
| Date of publication, distribution, etc. | 1987. |
| 300 ## - PHYSICAL DESCRIPTION | |
| Extent | xiii, 458 p. : |
| Other physical details | ill. ; |
| Dimensions | 23 cm. |
| 504 ## - BIBLIOGRAPHY, ETC. NOTE | |
| Bibliography, etc. note | Includes bibliographical references. |
| 500 ## - GENERAL NOTE | |
| General note | Includes index. |
| 650 #0 - SUBJECT ADDED ENTRY--TOPICAL TERM | |
| Topical term or geographic name entry element | Corporations |
| General subdivision | Finance. |
| 650 #0 - SUBJECT ADDED ENTRY--TOPICAL TERM | |
| Topical term or geographic name entry element | Cash flow. |
| 650 #0 - SUBJECT ADDED ENTRY--TOPICAL TERM | |
| Topical term or geographic name entry element | Financial statements. |
| 650 #0 - SUBJECT ADDED ENTRY--TOPICAL TERM | |
| Topical term or geographic name entry element | Ratio analysis. |
| 907 ## - LOCAL DATA ELEMENT G, LDG (RLIN) | |
| a | .b1012357x |
| b | 14-02-07 |
| c | 29-05-04 |
| 942 ## - ADDED ENTRY ELEMENTS (KOHA) | |
| Koha item type | Ordinary Loan Books |
| Call number prefix | HG4026 HEL |
| Date last seen | Total Checkouts | Full call number | Barcode | Cost, replacement price | Price effective from | Koha item type | Lost status | Source of classification or shelving scheme | Damaged status | Not for loan | Collection | Withdrawn status | Home library | Current library | Shelving location | Date acquired | Cost, normal purchase price |
|---|---|---|---|---|---|---|---|---|---|---|---|---|---|---|---|---|---|
| 01/23/2023 | 40 | HG4026 HEL | 92003002840 | 80.00 | 01/23/2023 | BOOKS | LCC | 1 | NFIC | MAIN | MAIN | GEN | 01/23/2023 | 80.00 |